مكتبة جامعة عجلون الوطنية

فهرس بحث المكتبة

بحوث في تاريخ بلاد الشام: تاريخ دولة الانباط (Record no. 30743)

MARC details
000 -LEADER
fixed length control field 00902nam a2200229Ii 4500
003 - CONTROL NUMBER IDENTIFIER
control field JO-AjNU
008 - FIXED-LENGTH DATA ELEMENTS--GENERAL INFORMATION
fixed length control field 230605s9999||||xx |||||||||||||| ||und||
017 ## - COPYRIGHT OR LEGAL DEPOSIT NUMBER
Copyright or legal deposit number 1986/10/437
040 ## - CATALOGING SOURCE
Original cataloging agency JO-AjNU
Language of cataloging ara
Description conventions rda
Transcribing agency JO-AjNU
041 ## - LANGUAGE CODE
Language code of text/sound track or separate title ara
050 14 - LIBRARY OF CONGRESS CALL NUMBER
Classification number DS154.2.E5764 1987
100 3# - MAIN ENTRY--PERSONAL NAME
Personal name تاليف: عباس، إحسان,
Relator term author
9 (RLIN) 60284
245 00 - TITLE STATEMENT
Title بحوث في تاريخ بلاد الشام: تاريخ دولة الانباط
250 ## - EDITION STATEMENT
Edition statement الطبعة الاولى
264 31 - PRODUCTION, PUBLICATION, DISTRIBUTION, MANUFACTURE, AND COPYRIGHT NOTICE
Place of production, publication, distribution, manufacture عمان: دار الشروق للنشر والتوزيع، 1987
300 ## - PHYSICAL DESCRIPTION
Extent 173ص
Other physical details ويحتوي على ملاحق و قائمة مراجع من ص151ص- 173ص
336 ## - CONTENT TYPE
Content type term text
Content type code txt
Source rdacontent
337 ## - MEDIA TYPE
Media type term unmediated
Media type code n
Source rdamedia
338 ## - CARRIER TYPE
Carrier type term volume
Carrier type code nc
Source rdacarrier
490 0# - SERIES STATEMENT
Series statement سلسلة بحوث في تاريخ بلاد الشام
650 #4 - SUBJECT ADDED ENTRY--TOPICAL TERM
Topical term or geographic name entry element التاريخ- دولة الانباط
9 (RLIN) 60285
Holdings
Withdrawn status Lost status Source of classification or shelving scheme Damaged status Not for loan Home library Current library Shelving location Date acquired Total Checkouts Full call number Barcode Date last seen Price effective from Koha item type
    Library of Congress Classification     مكتبة جامعة عجلون الوطنية مكتبة جامعة عجلون الوطنية المجموعات العامة 06/06/2023   DS154.2.E5764 1987 A27175 06/06/2023 06/06/2023 Books